000 00716nam a2200205 4500
001 137548
003 ES-MaACL
005 20250727090249.0
007 t|
008 070214s1966 sp r ||||1| spa d
100 1 _aSánchez Cascos, Andrés.
_9102537
245 1 0 _aEtiopatología de las cardiopatías congénitas /
_cAndrés Sánchez Cascos.
260 _aMadrid :
_bPaz Montalvo,
_c1966.
300 _aX, 298 p. ;
_c24 cm.
490 1 _aMonografías de la sociedad española de cardiología ;
_v1
710 2 _aSociedad Española de Cardiología.
_96712
830 0 0 _aMonografías de la Sociedad Española de Cardiología
_v1
_9220105
852 _aES-MaACL
_jC-32026
_bR.61941
999 _c137548
_d137548